English to Spanish - African Countries - Statistics

General Stats
  • This quiz has been taken 16 times
  • The average score is 26 of 55
Answer Stats
English Spanish % Correct
Angola Angola
100%
Benin Benín
83%
Cabo Verde Cabo Verde
83%
Chad Chad
83%
Mauritania Mauritania
83%
Namibia Namibia
83%
Niger Níger
83%
Nigeria Nigeria
83%
Burkina Faso Burkina Faso
67%
Burundi Burundi
67%
Cameroon Camerún
67%
Eritrea Eritrea
67%
Eswatini Eswatini
67%
Gabon Gabón
67%
Gambia Gambia
67%
Ghana Ghana
67%
Guinea Guinea
67%
Liberia Liberia
67%
Madagascar Madagascar
67%
Mali Malí
67%
Mozambique Mozambique
67%
Senegal Senegal
67%
Botswana Botsuana
50%
Equatorial Guinea Guinea Ecuatorial
50%
Kenya Kenia
50%
Lesotho Lesoto
50%
Libya Libia
50%
Somalia Somalia
50%
Sudan Sudán
50%
Togo Togo
50%
Uganda Uganda
50%
Zambia Zambia
50%
Algeria Argelia
33%
Ethiopia Etiopía
33%
Morocco Marruecos
33%
Rwanda Ruanda
33%
Western Sahara Sáhara Occidental
33%
Seychelles Seychelles
33%
South Sudan Sudán del Sur
33%
Tanzania Tanzania
33%
Zimbabwe Zimbabue
33%
Ivory Coast Costa de Marfil
17%
Egypt Egipto
17%
Guinea-Bissau Guinea-Bisáu
17%
Malawi Malaui
17%
Mauritius Mauricio
17%
Central African Republic República Centroafricana
17%
Republic of the Congo República del Congo
17%
Democratic Republic of the Congo República Democrática del Congo
17%
Sao Tome and Principe Santo Tomé y Príncipe
17%
Sierra Leone Sierra Leona
17%
Tunisia Túnez
17%
Djibouti Yibuti
17%
Comoros Comoras
0%
South Africa Sudáfrica
0%
No matching quizzes found
Score Distribution
Percent of People with Each Score
Percentile by Number Answered
Your Score History
You have not taken this quiz